000 00375nam a22001217a 4500
020 _aNA
082 _222
_a320.55498
100 _aUra Karma and galay karma.
245 _aGross national hapiness and development /
260 _aThe Center for Bhutan Studies, Thimphu,
_bThe Center for Bhutan Studies, Thimphu,
_cc 2004
300 _a750 p, ;
_bNA
_c24cm.
942 _2ddc
_cGEN
_01
999 _c1478
_d1478